Statistics for Chiltern Railways stations

Click here to take the quiz!

General Stats

  • This quiz has been taken 35 times
  • The average score is 33 of 60

Answer Stats

Answer% Correct
Aylesbury
100%
London Marylebone
100%
Leamington Spa
95%
Princes Risborough
95%
Oxford
90%
Stratford-upon-Avon
90%
Birmingham Snow Hill
85%
Amersham
80%
High Wycombe
80%
Warwick
80%
Wembley Stadium
80%
Banbury
75%
Bicester North
75%
Denham
75%
Rickmansworth
75%
Aylesbury Vale Parkway
70%
Chalfont & Latimer
70%
Chorleywood
70%
Harrow-on-the-Hill
70%
Wendover
70%
West Ruislip
70%
Birmingham Moor Street
65%
Denham Golf Club
65%
Little Kimble
65%
Solihull
65%
South Ruislip
65%
Great Missenden
60%
Northolt Park
60%
Beaconsfield
55%
Haddenham & Thame Parkway
55%
Islip
55%
Saunderton
55%
Seer Green & Jordans
55%
Smethwick Galton Bridge
50%
Warwick Parkway
50%
Bicester Village
45%
Gerrards Cross
45%
Oxford Parkway
45%
Stoke Mandeville
45%
Sudbury & Harrow Road
45%
Sudbury Hill Harrow
45%
Kings Sutton
40%
Monks Risborough
40%
Stourbridge Junction
40%
Jewellery Quarter
35%
Stratford-upon-Avon Parkway
35%
Cradley Heath
30%
Dorridge
30%
Hatton
30%
Lapworth
30%
Rowley Regis
30%
The Hawthorns
30%
Heyford
25%
Lye
25%
Tackley
25%
Bearley
20%
Claverdon
20%
Langley Green
20%
Old Hill
20%
Wilmcote
20%

Score Distribution

Percentile by Number Answered

Percent of People with Each Score

Your Score History

You have not taken this quiz